|
|
|
|
| LEADER |
02309nam a2200673 i 4500 |
| 001 |
nkc20152737593 |
| 003 |
CZ PrNK |
| 005 |
20160808152426.0 |
| 007 |
ta |
| 008 |
151014s2015 xr a e f 001 0 cze |
| 015 |
|
|
|a cnb002737593
|
| 020 |
|
|
|a 978-80-7433-135-0
|q (vázáno)
|
| 035 |
|
|
|a (OCoLC)958227339
|
| 040 |
|
|
|a OLA001
|b cze
|e rda
|
| 041 |
1 |
|
|a cze
|h ger
|
| 043 |
|
|
|a ec-----
|
| 072 |
|
7 |
|a 591
|x Obecná zoologie
|2 Konspekt
|9 2
|
| 080 |
|
|
|a 592/599
|2 MRF
|
| 080 |
|
|
|a 591.9
|2 MRF
|
| 080 |
|
|
|a 591.52
|2 MRF
|
| 080 |
|
|
|a 591.521
|2 MRF
|
| 080 |
|
|
|a 591.465.11
|2 MRF
|
| 080 |
|
|
|a 591.149
|2 MRF
|
| 080 |
|
|
|a 591.5
|2 MRF
|
| 080 |
|
|
|a (4-191.2)
|2 MRF
|
| 080 |
|
|
|a (084.42)
|2 MRF
|
| 100 |
1 |
|
|a Hecker, Frank,
|d 1963-
|7 xx0046578
|4 aut
|
| 240 |
1 |
0 |
|a Welche Tierspur ist das?.
|l Česky
|
| 245 |
1 |
0 |
|a Poznáváme zvířata podle stop /
|c Frank Hecker ; z německého originálu Welche Tierspur ist das? ... přeložil Radoslav Obrtel
|
| 264 |
|
1 |
|a [Líbeznice] :
|b Víkend,
|c 2015
|
| 300 |
|
|
|a 139 stran :
|b barevné ilustrace ;
|c 20 cm
|
| 336 |
|
|
|a text
|b txt
|2 rdacontent
|
| 336 |
|
|
|a statický obraz
|b sti
|2 rdacontent
|
| 337 |
|
|
|a bez média
|b n
|2 rdamedia
|
| 338 |
|
|
|a svazek
|b nc
|2 rdacarrier
|
| 500 |
|
|
|a Terminologický slovník
|
| 500 |
|
|
|a Obsahuje rejstřík
|
| 650 |
0 |
7 |
|a živočichové
|7 ph136485
|2 czenas
|
| 650 |
0 |
7 |
|a fauna
|7 ph114529
|z Evropa střední
|2 czenas
|
| 650 |
0 |
7 |
|a stopy živočichů
|7 ph136604
|2 czenas
|
| 650 |
0 |
7 |
|a hnízda
|7 ph153565
|2 czenas
|
| 650 |
0 |
7 |
|a vajíčka
|7 ph135096
|2 czenas
|
| 650 |
0 |
7 |
|a trus
|7 ph527844
|2 czenas
|
| 650 |
0 |
7 |
|a chování živočichů
|7 ph189267
|2 czenas
|
| 650 |
0 |
9 |
|a animals
|2 eczenas
|
| 650 |
0 |
9 |
|a fauna
|z Europe, Central
|2 eczenas
|
| 650 |
0 |
9 |
|a animal tracks
|2 eczenas
|
| 650 |
0 |
9 |
|a nests
|2 eczenas
|
| 650 |
0 |
9 |
|a ovum
|2 eczenas
|
| 650 |
0 |
9 |
|a excreta
|2 eczenas
|
| 650 |
0 |
9 |
|a animal behavior
|2 eczenas
|
| 655 |
|
7 |
|a atlasy
|7 fd131835
|2 czenas
|
| 655 |
|
9 |
|a atlases
|2 eczenas
|
| 700 |
1 |
|
|a Obrtel, Radoslav,
|d 1925-2011
|7 jk01090919
|4 trl
|
| 910 |
2 |
|
|a BOA001
|b 1-1361.619
|
| 990 |
|
|
|a BK
|
| 995 |
|
|
|a 01
|
| 996 |
6 |
|
|b 2610659001
|c 1-1361.619
|l MZK
|r Sklad / do 1 hodiny
|n 0
|p p.v.
|w 001543150
|u 000010
|a 1
|e BOA001
|j MZK50
|s P
|
| 996 |
7 |
|
|b 2610660347
|c 1-1361.619
|l Vol.výběr
|r VV 0p
|n 11
|p kup
|h 591 HEC
|w 001543150
|u 000020
|a 0
|e BOA001
|j MZK50
|s A
|